000 00959nam a2200253 a 4500
005 20070119085348.0
008 060831s2006 ii | b 00| 0 eng
010 _aENG-91367
020 _c75.00
035 _aEN-74900
037 _bDBAD / PUB
040 _adpl
_bEnglish
082 _a882.522
100 _aLalithambika, K.C.
245 _aThe unlighted sides of Tennessee Williams' heroines /
_cby K.C. Lalithambika
260 _aChennai
_bHarishankar Publications
_c2008
300 _a56p.
_c20cm (pbk)
500 _aIncludes bibliographical references
520 _aHistory of Kashmiri Pandits and Kashmir, India.
600 _aWilliams, Tennessee
_vCharacters
_xHeroines
650 _aHeroines in literature
942 _2ddc
_cEN
_mLAL
_h882.522
999 _c16859
_d16859